| 000 | 00466nam a22001697a 4500 | ||
|---|---|---|---|
| 003 | NUST - PNEC | ||
| 005 | 20170116181056.0 | ||
| 008 | 151001b xxu||||| |||| 00| 0 eng d | ||
| 020 | _a0137300379 | ||
| 040 | _cLIBRARY | ||
| 082 | _a629.895 WAR | ||
| 100 |
_912062 _aWarnock, Ian G. |
||
| 245 |
_aProgrammable controllers : operation and application _cIan G. Warnock |
||
| 260 | _ac.1988 | ||
| 650 |
_912063 _aProgrammable controllers _xMS CONT |
||
| 942 |
_2ddc _cBK |
||
| 999 |
_c68550 _d68550 |
||